|
|
|
|
| LEADER |
00000nam0a2200000 4500 |
| 001 |
278255 |
| 005 |
20231101235109.0 |
| 020 |
|
|
|a RU
|b 86-31056
|
| 035 |
|
|
|a (RuTPU)RU\TPU\book\301532
|
| 090 |
|
|
|a 278255
|
| 100 |
|
|
|a 20141209d1986 m y0rusy5003 ca
|
| 101 |
0 |
|
|a rus
|
| 102 |
|
|
|a RU
|
| 105 |
|
|
|a a j 000zy
|
| 200 |
1 |
|
|a Полупроводниковые и электровакуумные приборы в устройствах автоматики, телемеханики и связи
|e учебник для техникумов
|f В. Г. Бодиловский
|
| 205 |
|
|
|a 5-е изд., перераб. и доп.
|
| 210 |
|
|
|a Москва
|c Транспорт
|d 1986
|
| 215 |
|
|
|a 440 с.
|c ил.
|
| 305 |
|
|
|a Загл. 4-го изд.: Радиорелейная связь на железнодорожном транспорте
|
| 606 |
1 |
|
|a Железные дороги
|x Автоматизация
|2 stltpush
|3 (RuTPU)RU\TPU\subj\10439
|9 37511
|
| 610 |
1 |
|
|a полупроводниковые приборы
|
| 610 |
1 |
|
|a электровакуумные приборы
|
| 610 |
1 |
|
|a учебники
|
| 610 |
1 |
|
|a телемеханизация
|
| 610 |
1 |
|
|a устройства автоматики
|
| 610 |
1 |
|
|a связь
|
| 675 |
|
|
|a 656.25(075.3)
|z rus
|v 4
|
| 700 |
|
1 |
|a Бодиловский
|b В. Г.
|g Василий Георгиевич
|4 070
|
| 801 |
|
0 |
|a RU
|b RuMRKP
|c 19950704
|g psbo
|
| 801 |
|
1 |
|a RU
|b 63413507
|c 20141209
|
| 801 |
|
2 |
|a RU
|b 63413507
|c 20170410
|g RCR
|
| 942 |
|
|
|c BK
|